000 00579nam a2200193 4500
001 131943
003 ES-MaACL
005 20230906194057.0
007 t|
008 070214s1970 sp r ||||1| spa d
100 1 _aRodríguez Paniagua, José María.
_998717
245 1 0 _aHacia una concepción amplia del Derecho Natural /
_cJosé Mª Rodríguez Paniagua.
260 _aMadrid :
_bTecnos,
_c1970.
300 _a136 p. ;
_c21 cm.
490 1 _aFilosofía y ensayo
830 0 _aFilosofía y ensayo
_9179242
852 _aES-MaACL
_jC-39576
_bR.76073
999 _c131943
_d131943